000 00415nam a2200169Ia 4500
008 230718s9999 xx 000 0 und d
041 _aeng
082 _a004.2
_bTAY
100 _aTaylor A.G.
245 _aFile Format Handbook
260 _c1994
_bVision Books
300 _a424
_dRef 19 C (3792)
365 _cRs.
_b280.00
500 _a19 C
700 _aTaylor A.G.
906 _dB:189129-Jul-1994
_cCOMP
_b42
999 _c292687
_d292687